"Дремучее царство растений" Бориса Пастернака глазами ученого эколога (Запись № 941784)

Подробности
000 -МАРКЕР
контрольное поле 01440nam0a2200301 4500
001 - ИДЕНТИФИКАТОР ЗАПИСИ
контрольное поле RU\NLR\bibl\1663069
005 - ИДЕНТИФИКАТОР ВЕРСИИ
контрольное поле 20250616041742.0
010 ## - МЕЖДУНАРОДНЫЙ СТАНДАРТНЫЙ НОМЕР КНИГИ (ISBN)
Номер (ISBN) 5-93881-063-9
Тираж 1000
035 ## - ДРУГИЕ СИСТЕМНЫЕ НОМЕРА
Идентификатор записи (NLR Aleph) 001654351
100 ## - ДАННЫЕ ОБЩЕЙ ОБРАБОТКИ
Данные общей обработки 20100811d2008 |||y0rusy50 ca
101 0# - ЯЗЫК РЕСУРСА
Язык текста, звукозаписи и т.д. русский
102 ## - СТРАНА ПУБЛИКАЦИИ ИЛИ ПРОИЗВОДСТВА
Страна публикации Российская Федерация
105 ## - ПОЛЕ КОДИРОВАННЫХ ДАННЫХ: ТЕКСТОВЫЕ МАТЕРИАЛЫ, МОНОГРАФИЧЕСКИЕ
Кодированные данные о монографическом текстовом документе a |||||||||
200 1# - ЗАГЛАВИЕ И СВЕДЕНИЯ ОБ ОТВЕТСТВЕННОСТИ
Основное заглавие "Дремучее царство растений" Бориса Пастернака глазами ученого эколога
Первые сведения об ответственности А.А. Титлянова
210 ## - ПУБЛИКАЦИЯ, РАСПРОСТРАНЕНИЕ И ДР.
Место издания, распространения и т.д. Москва
-- Новосибирск
Имя издателя, распространителя и т. д. Фолиум
Дата издания, распространения и т.д. 2008
215 ## - ФИЗИЧЕСКАЯ ХАРАКТЕРИСТИКА
Специфическое обозначение материала и объем 132 с.
Другие сведения о физической характеристике цв. ил.
Размеры 23
300 ## - ОБЩИЕ ПРИМЕЧАНИЯ
Текст примечания На 4-й с. обл. авт.: Аргента Антониновна Титлянова - эколог, д.биол.н., проф.
320 ## - ПРИМЕЧАНИЯ О НАЛИЧИИ В ДОКУМЕНТЕ БИБЛИОГРАФИИ / УКАЗАТЕЛЯ
Текст примечания Библиогр.: с. 130 (10 назв.)
600 #1 - ИМЯ ЛИЦА КАК ПРЕДМЕТ
Начальный элемент ввода Пастернак
Часть имени, кроме начального элемента ввода Б. Л.
Даты 1890 - 1960
Расширение инициалов личного имени Борис Леонидович
Тематический подзаголовок Тематика произведений
Системный номер авторитетной/нормативной записи 2581384
Идентификатор авторитетной/нормативной записи RU\NLR\auth\661525996
606 1# - НАИМЕНОВАНИЕ ТЕМЫ КАК ПРЕДМЕТ
Наименование темы Растения
Тематический подзаголовок в художественной литературе
Системный номер авторитетной/нормативной записи 2478846
Идентификатор авторитетной/нормативной записи RU\NLR\auth\661471684
686 ## - ИНДЕКСЫ ДРУГИХ КЛАССИФИКАЦИЙ
Индекс Ш5(2=Р)7-4Пастернак
700 #1 - ИМЯ ЛИЦА - ПЕРВИЧНАЯ ОТВЕТСТВЕННОСТЬ
Код отношения Автор
Графика поля Кириллица
Материалы, к которым относится поле rus
Начальный элемент ввода Титлянова
Часть имени, кроме начального элемента ввода А. А.
Дополнения к именам, кроме дат д-р биол. наук
Даты 1929-
Расширение инициалов личного имени Аргента Антониновна
Системный номер авторитетной/нормативной записи 144589
Идентификатор авторитетной/нормативной записи RU\NLR\AUTH\770144625
801 #0 - ИСТОЧНИК ЗАПИСИ
Страна Российская Федерация
Организация NLR
Дата составления 20100811
Правила каталогизации RCR
801 #1 - ИСТОЧНИК ЗАПИСИ
Страна Российская Федерация
Организация NLR
Дата составления 20100811
942 ## - ДОПОЛНИТЕЛЬНЫЕ ЭЛЕМЕНТЫ ЗАПИСИ (АБИС)
Тип экземпляра АБИС Книга
980 ## - КОЛЛЕКЦИЯ
Название коллекции Национальная библиография
Экземпляры
Тип экземпляра Дата поступления Источник поступления Стоимость Библиотека постоянного хранения Библиотека текущего хранения Место хранения Шифр хранения Штрих-код Статус экземпляра
Книга 11.08.2010 Покупка СТ 199.50 РНБ (Московский) РНБ (Московский) Русский книжный фонд: издания с 1957 года 2010-5/7020 3227523